00758nam a2200289Ia 4500008004100000020001800041050001000059050001400069100001900083245004800102245002100150245002200171250001900193260001600212260002400228260000900252300002200261300002000283300001000303500002000313650002400333650004300357650001900400650001900419700001100438999001900449170711s9999 xx 000 0 und d a9789814227353 a364.4 bW177 2007 aWalker, Samuel aSense and non-sense about crime and drugs : ba policy guide / cby Samuel Walker. aSixth edition. aSingapore : bThomson Wordsworth, c2007 axxvi, 333 pages : billustrations ; c24cm. aIncludes index. aCrime prevention -- aCriminal justice, Administration of -- xUnited States. xUnited States. aTitle. c339660d339660